| 000 | 00363 a2200109 4500 | ||
|---|---|---|---|
| 001 | ART_6814 | ||
| 005 | 20260410161826.0 | ||
| 008 | 260409a | ||
| 245 | 1 | 0 | _aValuación de activos intangibles en torno a los objetivos de los Estados Contables |
| 100 | 1 | _aMorettini, Mariano | |
| 773 | 0 |
_tFACES _g- Año 16, Nº 34/35 (ene./dic. 2010) _wREV5046 |
|
| 999 |
_c22834 _d22834 |
||